000 00324nam a22001457a 4500
003 SGT
020 _a978-81-312-5269-7
082 _a610.72
_bN18S
100 _aSHARMA, SURESH
245 _aNURSING RESEARCH & STATISTICS
250 _a3RD
260 _aINDIA
_bELSEVIER PUB
_c2018
300 _a610
942 _2ddc
_cBK
_092
999 _c16568
_d16568